000 00758cam a2200241u 4500
001 6697
003 BD-RjUL
005 20211208234308.0
008 140112s1960 enkab 000 0 eng
035 _a(BD-RjUL)6738
040 _aDLC
_cCarP
_dDLC
_dWaU
_dBD-RjUL
_beng
041 _aeng
082 0 4 _219
_a320.994
_bDAG 1960
100 1 _aDavis, S. Rufus
_q(Solomon Rufus)
_921049
245 1 4 _aThe government of the Australian states /
_cS. Rufus Davis.
260 _aLondon :
_bLongmans,
_c1960.
300 _axi, 746 p. :
_bmaps (part col.) diagrs., tables.
_c24 cm.
650 0 _aState governments
_zAustralia.
_921050
650 0 _aAustralian states
_xPolitics and government.
_915080
942 _2ddc
_cBK
999 _c6697
_d6697